中国人均医疗床位最多/少的省区 Provinces with most/least medical beds per capita - Statistics

General Stats
  • This quiz has been taken 77 times
  • The average score is 10 of 14
Answer Stats
万人床位数 % Correct
最少 54.91 西藏
88%
最少 48.06 广东
86%
最少 58.03 浙江
83%
最多 84.31 黑龙江
77%
最多 81.67 四川
69%
最多 77.71 辽宁
69%
最多 77.06 湖北
65%
最少 57.37 宁夏
63%
最少 55.49 福建
62%
最多 78.06 重庆
62%
最少 50.29 天津
60%
最多 82.44 湖南
60%
最多 80.31 贵州
57%
最少 59.62 海南
52%
No matching quizzes found
Score Distribution
Percent of People with Each Score
Percentile by Number Answered
Your Score History
You have not taken this quiz